World Cup Group Stage Goalscorers 1978 - Statistics

General Stats
  • This quiz has been taken 6 times
  • The average score is 31 of 95
Answer Stats
Group Nation Score Player % Correct
B (2nd Round) Argentina 1-0 Mario Kempes
83%
B (2nd Round) Argentina 2-0 Mario Kempes
83%
B (2nd Round) Argentina 1-0 Mario Kempes
83%
B (2nd Round) Argentina 3-0 Mario Kempes
83%
1 France 1-1 Michel Platini
83%
1 Argentina 1-0 Daniel Passarella
67%
2 West Germany 1-0 Dieter Muller
67%
A (2nd Round) West Germany 2-1 Dieter Muller
67%
2 West Germany 2-0 Hans Muller
67%
4 Netherlands 3-2 John Rep
67%
A (2nd Round) Netherlands 3-0 John Rep
67%
A (2nd Round) Netherlands 4-0 John Rep
67%
1 Italy 1-1 Paolo Rossi
67%
1 Italy 1-0 Paolo Rossi
67%
A (2nd Round) Italy 1-0 Paolo Rossi
67%
1 Italy 2-0 Roberto Bettega
67%
1 Italy 1-0 Roberto Bettega
67%
A (2nd Round) Netherlands 1-1 Arend Haan
50%
A (2nd Round) Netherlands 2-1 Arend Haan
50%
1 France 3-1 Dominique Rocheteau
50%
2 Poland 1-0 Grzegorz Lato
50%
B (2nd Round) Poland 1-1 Grzegorz Lato
50%
2 West Germany 3-0 Karl-Heinz Rummenigge
50%
2 West Germany 5-0 Karl-Heinz Rummenigge
50%
A (2nd Round) West Germany 1-0 Karl-Heinz Rummenigge
50%
4 Scotland 1-1 Kenny Dalglish
50%
1 Argentina 1-1 Leopoldo Luque
50%
1 Argentina 2-1 Leopoldo Luque
50%
B (2nd Round) Argentina 4-0 Leopoldo Luque
50%
B (2nd Round) Argentina 6-0 Leopoldo Luque
50%
4 Netherlands 1-0 Pieter Rensenbrink
50%
4 Netherlands 2-0 Pieter Rensenbrink
50%
4 Netherlands 3-0 Pieter Rensenbrink
50%
4 Netherlands 1-0 Pieter Rensenbrink
50%
A (2nd Round) Netherlands 2-0 Pieter Rensenbrink
50%
1 Argentina 2-1 Ricardo Bertoni
50%
4 Peru 2-1 Teofilo Cubillas
50%
4 Peru 3-1 Teofilo Cubillas
50%
4 Peru 2-0 Teofilo Cubillas
50%
4 Peru 3-0 Teofilo Cubillas
50%
4 Peru 4-1 Teofilo Cubillas
50%
A (2nd Round) Netherlands 5-0 Wilhelmus van de Kerkhof
50%
B (2nd Round) Brazil 3-0 Zico
50%
4 Scotland 2-1 Archibald Gemmill
33%
4 Scotland 3-1 Archibald Gemmill
33%
1 France 1-0 Bernard Lacombe
33%
A (2nd Round) Netherlands 1-0 Ernstus Brandts
33%
A (2nd Round) Netherlands (OG) 1-0 Ernstus Brandts
33%
A (2nd Round) Netherlands 1-1 Ernstus Brandts
33%
A (2nd Round) West Germany (OG) 1-1 Hans-Hubert Vogts
33%
3 Austria 2-1 Johann Krankl
33%
3 Austria 1-0 Johann Krankl
33%
A (2nd Round) Austria 2-1 Johann Krankl
33%
A (2nd Round) Austria 3-2 Johann Krankl
33%
2 Poland 2-1 Kazimierz Deyna
33%
2 Poland 1-0 Zbigniew Boniek
33%
2 Poland 3-1 Zbigniew Boniek
33%
B (2nd Round) Argentina 2-0 Alberto Tarantini
17%
B (2nd Round) Poland 1-0 Andrzej Szarmach
17%
4 Scotland 1-0 Joe Jordan
17%
B (2nd Round) Argentina 5-0 Rene Houseman
17%
1 Italy 3-0 Romeo Benetti
17%
2 Tunisia 1-1 Ali Kaabi
0%
4 Iran (OG) 1-0 Andranik Eskandarian
0%
1 Hungary 3-1 Andras Toth
0%
2 Mexico 1-0 Arturo Vazquez Ayala
0%
A (2nd Round) West Germany 2-2 Bernd Holzenbein
0%
4 Peru 1-1 Cesar Cueto
0%
1 France 1-0 Christian Lopez
0%
3 Spain 1-1 Dani
0%
B (2nd Round) Brazil 1-0 Dirceu
0%
B (2nd Round) Brazil 2-0 Dirceu
0%
A (2nd Round) Austria 5-1 Erich Obermayer
0%
4 Iran 3-1 Hassan Rowshan
0%
2 West Germany 4-0 Heinz Flohe
0%
2 West Germany 6-0 Heinz Flohe
0%
4 Iran 1-1 Iraj Danaeifard
0%
4 Peru 1-0 Jose Velasquez
0%
3 Spain 1-0 Juan Aseni
0%
1 Hungary 1-0 Karoly Csapo
0%
1 France 2-0 Marc Berdoll
0%
2 Tunisia 3-1 Mokhtar Dhouib
0%
2 Tunisia 2-1 Nejib Ghommidh
0%
B (2nd Round) Brazil 1-0 Nelinho
0%
3 Brazil 1-1 Reinaldo
0%
A (2nd Round) Netherlands 2-2 Reiner van de Kerkof
0%
1 Italy 2-1 Renato Laccarelli
0%
3 Brazil 1-0 Roberto Dinamite
0%
B (2nd Round) Brazil 2-1 Roberto Dinamite
0%
B (2nd Round) Brazil 3-1 Roberto Dinamite
0%
A (2nd Round) West Germany 1-0 Rudiger Abramczik
0%
1 Hungary 2-1 Sandor Zombori
0%
3 Sweden 1-0 Thomas Sjoberg
0%
2 Mexico 1-1 Victor Rangel
0%
3 Austria 1-0 Walter Schachner
0%
No matching quizzes found
Score Distribution
Percent of People with Each Score
Percentile by Number Answered
Your Score History
You have not taken this quiz